000 00611nam a2200205 i 4500
001 94017
003 ES-MaACL
005 20230906181350.0
007 t|
008 050427s1982 sp ||||1| spa d
020 _a84-320-7311-3
100 1 _aLópez de Sepúlveda y Tomás, Francisco.
_973591
245 1 0 _aCrisis y amenaza nuclear /
_cFrancisco López de Sepúlveda.
250 _a[1ª ed.].
260 _aBarcelona :
_bPlaneta,
_c1982.
300 _a236 p. ;
_c24 cm.
650 4 _aGuerra nuclear.
_9152826
650 4 _aPolítica mundial-
_y1945-1989.
_9143375
852 _aES-MaACL
_jL-11600
_bR.113159
999 _c94017
_d94017